00732nam a2200193Ia 4500001002200000003000900022008004100031040002300072041001300095100002300108240005700131245007200188250001500260260002600275300001900301490005300320501012400373700004100497189-BUR gi ci (14307)IT-MiSPE171229s9999||||xx |||||||||||||| ||und|| aIT-MiSPEcIT-MiSPE aITALIANO aGiovanni Buridano  aQuaestiones super libri quattuor "De caelo et mundo" 0aIl cielo e il mondobCommento al trattato "Del cielo" di Aristotele a1a ed. (v) aMilanobRusconic1983 a481 p. c22 cm aI classici del pensiero: Medioevo e Rinascimento aEdizioni San Paolo srl - Piazza Soncino, 5 - 20092 CINISELLO BALSAMO (MI) (non commercial uses only) ® Copyright 2018 aAlessandro Ghisalbertig(traduzione)